[Event "Politiken Cup"]
[Site "Helsingor DEN"]
[Date "2009.07.22"]
[Round "6"]
[White "Angskog,K"]
[Black "Andersen,Har"]
[Result "1-0"]
[WhiteElo "2255"]
[BlackElo "1901"]
[EventDate "2009.07.18"]

1. Nf3 d5 2. c4 dxc4 3. Na3 g6 4. Nxc4 Bg7 5. d4 c6 6. e3 Nf6 7. Nce5 Ne4
8. Bc4 e6 9. O-O O-O 10. Qc2 Nd6 11. Bb3 Nd7 12. Rd1 Nf6 13. Bd2 Qc7 14.
Rac1 Bd7 15. Bb4 Rac8 16. Nc4 Nfe8 17. e4 c5 18. Nxd6 Nxd6 19. Qxc5 Qxc5
20. dxc5 Bh6 21. Rc2 a5 22. Rxd6 1-0

[Event "Politiken Cup"]
[Site "Helsingor DEN"]
[Date "2009.07.22"]
[Round "6"]
[White "Gajic,Ml"]
[Black "Stray,G"]
[Result "1-0"]
[WhiteElo "2249"]
[BlackElo "2076"]
[EventDate "2009.07.18"]

1. e4 c5 2. c3 Nf6 3. e5 Nd5 4. Bc4 e6 5. Nf3 Nc6 6. O-O d6 7. d4 cxd4 8.
cxd4 Nb6 9. Bb5 Bd7 10. Nc3 a6 11. Bd3 Nb4 12. Bb1 Bc6 13. a3 N4d5 14. Ne4
Qc7 15. Re1 h6 16. Ra2 Nd7 17. b3 Rd8 18. Rd2 Be7 19. Bb2 dxe5 20. dxe5 Nc5
21. Nd6+ Bxd6 22. exd6 Qxd6 23. Bxg7 Rg8 24. Be5 Qd7 25. Bg3 f6 26. b4 Na4
27. Bf5 Nac3 28. Qc1 Kf8 29. Bxe6 Qg7 30. Qxc3 Nxc3 31. Rxd8+ Be8 32. Bd6+
1-0

[Event "Politiken Cup"]
[Site "Helsingor DEN"]
[Date "2009.07.22"]
[Round "6"]
[White "Svendsen,Pet"]
[Black "Veng,J"]
[Result "0-1"]
[WhiteElo "1993"]
[BlackElo "2243"]
[EventDate "2009.07.18"]

1. d4 d5 2. c4 Nc6 3. Nc3 Nf6 4. Nf3 dxc4 5. d5 Na5 6. Qd4 e6 7. e4 exd5 8.
exd5 Bb4 9. Bg5 O-O 10. O-O-O c5 11. Qf4 Bxc3 12. bxc3 b5 13. Ne5 Qd6 14.
Nc6 Qxf4+ 15. Bxf4 Nxc6 16. dxc6 Ne4 17. Be2 Be6 18. Bd6 Nxc3 19. Bxf8 Kxf8
20. Bf3 Nxd1 21. Rxd1 Ke7 22. Kc2 b4 23. g3 Rd8 24. Re1 Rd3 25. Bh1 Kd6 26.
f4 Ra3 27. Rd1+ Kc7 28. Kb1 Bf5+ 29. Ka1 b3 30. Rd2 c3 31. Re2 b2+ 0-1

[Event "Politiken Cup"]
[Site "Helsingor DEN"]
[Date "2009.07.22"]
[Round "6"]
[White "Kovachev,D"]
[Black "Hansen,Mads3"]
[Result "0-1"]
[WhiteElo "2240"]
[BlackElo "2068"]
[EventDate "2009.07.18"]

1. e4 e5 2. Nf3 Nc6 3. Bb5 a6 4. Ba4 Nf6 5. O-O Be7 6. Re1 b5 7. Bb3 d6 8.
c3 O-O 9. h3 Na5 10. Bc2 c5 11. d4 Qc7 12. Nbd2 Nc6 13. d5 Nd8 14. a4 Rb8
15. c4 b4 16. Nf1 Ne8 17. b3 g6 18. g4 Ng7 19. Ne3 f6 20. Bb2 Kf7 21. Kf1
Ke8 22. Ke2 Nf7 23. Rh1 Ng5 24. Ne1 f5 25. exf5 gxf5 26. h4 f4 27. hxg5
fxe3 28. f3 Bxg5 29. Bxh7 Qe7 30. Nd3 Rb7 31. Be4 Kd8 32. Qg1 Ne8 33. Rh7
Rf7 34. Rxf7 Qxf7 35. Bc1 Nf6 36. Bxe3 Nxe4 37. fxe4 Qg6 38. Kd2 Rh7 39.
Rf1 Rh3 40. Re1 Rxe3 41. Rxe3 Qxe4 42. Qf2 Ke7 43. Qe2 Bxg4 44. Nf2 Qd4+
45. Qd3 Bxe3+ 0-1

[Event "Politiken Cup"]
[Site "Helsingor DEN"]
[Date "2009.07.22"]
[Round "6"]
[White "Pedersen,Pet2"]
[Black "Lindberg,H"]
[Result "0-1"]
[WhiteElo "2119"]
[BlackElo "2240"]
[EventDate "2009.07.18"]

1. c4 c5 2. g3 Nf6 3. Bg2 d5 4. cxd5 Nxd5 5. Nc3 Nc7 6. d3 e5 7. Qb3 Nc6 8.
Bxc6+ bxc6 9. Nf3 Bd6 10. Ne4 O-O 11. Bg5 Qd7 12. Rc1 Ne6 13. Nxd6 Qxd6 14.
Qc3 Nxg5 15. Nxg5 Qd5 16. Nf3 Bh3 17. Qc4 Bg2 18. Qxd5 cxd5 19. Rg1 Bxf3
20. exf3 Rab8 21. b3 Rfc8 22. Kd2 Kf8 23. Rge1 f6 24. Ke3 Rb4 25. Kd2 Ke7
26. f4 Kd6 27. fxe5+ fxe5 28. Re2 g5 29. Rce1 Re8 30. Kc3 h5 31. h3 a5 32.
a3 Rd4 33. Kc2 a4 34. bxa4 Rxa4 35. Kb3 Rea8 36. Ra2 c4+ 37. dxc4 Rxc4 38.
Kb2 h4 39. gxh4 gxh4 40. Rg1 Kc5 41. Ka1 Rc3 42. a4 Ra5 43. Re1 e4 44. Re3
Kd4 45. Ra3 Rc4 46. Kb2 Rcxa4 47. Rxa4+ Rxa4 48. Rb3 Ra7 49. f3 e3 50. Kc2
Ra2+ 51. Kd1 Rf2 52. Ra3 Rxf3 53. Ra4+ Kd3 54. Ra3+ Ke4 55. Ke2 d4 0-1

[Event "Politiken Cup"]
[Site "Helsingor DEN"]
[Date "2009.07.22"]
[Round "6"]
[White "Solberg,J"]
[Black "Guttulsrud,O"]
[Result "1/2-1/2"]
[WhiteElo "2222"]
[BlackElo "2030"]
[EventDate "2009.07.18"]

1. e4 c5 2. Nf3 d6 3. Bb5+ Nd7 4. O-O Ngf6 5. Re1 a6 6. Bf1 e6 7. d4 cxd4
8. Qxd4 Qc7 9. c4 Be7 10. Nc3 b6 11. b3 Bb7 12. h3 Rc8 13. Bb2 O-O 14. Rad1
Rfe8 15. Na4 Bc6 16. Nc3 Bb7 17. Bd3 Qb8 18. a4 Bd8 19. Bb1 Bc7 20. Ba3 Nc5
21. b4 Ncd7 22. Qd2 Red8 23. Bd3 Qa8 24. Kh1 Bb8 25. Qg5 Kh8 26. Bb2 Rg8
27. Qe3 Bc7 28. Ng5 Rgf8 29. Nf3 Rfe8 30. Qg5 Rg8 31. Qe3 Rge8 32. Qg5 Rg8
1/2-1/2

[Event "Politiken Cup"]
[Site "Helsingor DEN"]
[Date "2009.07.22"]
[Round "6"]
[White "Jonsson,Ol"]
[Black "Kvisla,J"]
[Result "0-1"]
[WhiteElo "1899"]
[BlackElo "2222"]
[EventDate "2009.07.18"]

1. e4 c5 2. Nf3 a6 3. d4 cxd4 4. Nxd4 e5 5. Nb3 Nf6 6. Bg5 Bb4+ 7. c3 Be7
8. Bxf6 Bxf6 9. Na3 b5 10. Be2 d6 11. Nc2 Bb7 12. Bf3 O-O 13. O-O Bg5 14.
Qd3 Qb6 15. Rad1 Rd8 16. Nb4 a5 17. Nd5 Bxd5 18. Qxd5 Nc6 19. Be2 Rab8 20.
Qd3 b4 21. Nd2 a4 22. Nc4 Qc5 23. a3 bxc3 24. bxc3 Rb3 25. g3 Na5 26. Rb1
Nxc4 27. Rxb3 axb3 28. Qxc4 Qxc4 29. Bxc4 b2 30. f4 exf4 31. Rb1 Rb8 32.
gxf4 Bxf4 33. a4 Bd2 34. a5 Bxc3 35. a6 Bd4+ 36. Kg2 Ra8 37. Kf3 Kf8 38.
Ke2 Ke7 39. Kd3 Be5 40. h3 f6 41. Kc2 Kd8 42. Kb3 Kc7 43. h4 Kb6 44. h5 g6
45. hxg6 hxg6 46. Rh1 g5 47. Bd3 g4 48. Ka2 g3 49. Rh7 Kc5 50. Kb1 f5 51.
Rh4 g2 0-1

[Event "Politiken Cup"]
[Site "Helsingor DEN"]
[Date "2009.07.22"]
[Round "6"]
[White "Jorgensen,D"]
[Black "Hansen,Herl"]
[Result "1/2-1/2"]
[WhiteElo "2207"]
[BlackElo "2071"]
[EventDate "2009.07.18"]

1. d4 Nf6 2. Nf3 e6 3. c4 b6 4. g3 Ba6 5. Qc2 Bb7 6. Bg2 c5 7. d5 exd5 8.
cxd5 Bxd5 9. Nc3 Bc6 10. O-O Be7 11. Rd1 d6 12. e4 Qc7 13. Nh4 g6 14. h3
O-O 15. Bg5 Nbd7 16. Rd2 Rfe8 17. Nf3 Rac8 18. Re1 Bf8 19. Rdd1 Qb8 20. Nh2
1/2-1/2

[Event "Politiken Cup"]
[Site "Helsingor DEN"]
[Date "2009.07.22"]
[Round "6"]
[White "Tallaksen,L"]
[Black "Akdag,D"]
[Result "1-0"]
[WhiteElo "2081"]
[BlackElo "2198"]
[EventDate "2009.07.18"]

1. d4 Nf6 2. Nf3 c5 3. e3 g6 4. Bd3 Bg7 5. Nbd2 Nc6 6. c3 d5 7. O-O O-O 8.
Qe2 b6 9. Rd1 Bb7 10. b3 Rc8 11. Ba3 cxd4 12. cxd4 Re8 13. Rac1 e6 14. Rc2
Nd7 15. Rdc1 e5 16. Nxe5 Ndxe5 17. dxe5 Rxe5 18. Nf3 Re6 19. Ba6 d4 20.
Bxb7 d3 21. Bxc8 dxe2 22. Bxe6 Qd1+ 23. Ne1 fxe6 24. Rxc6 Be5 25. g3 g5 26.
f3 Kf7 27. Kf2 Qd5 28. R6c2 Qa5 29. Bb2 Bd6 30. Bc3 Qf5 31. Rxe2 h5 32. Rd1
Bc5 33. Bd4 Bb4 34. Nd3 Bd6 35. e4 Qh3 36. Kg1 e5 37. Bxe5 Be7 38. Nf2 Qe6
39. Bd4 g4 40. f4 h4 1-0

[Event "Politiken Cup"]
[Site "Helsingor DEN"]
[Date "2009.07.22"]
[Round "6"]
[White "Tadjerbashi,A"]
[Black "Strand,H"]
[Result "1-0"]
[WhiteElo "2193"]
[BlackElo "2062"]
[EventDate "2009.07.18"]

1. e4 e5 2. Nf3 Nc6 3. d4 exd4 4. Bc4 Nf6 5. e5 Ng4 6. Qe2 Qe7 7. Bf4 b5 8.
Bd3 f6 9. exf6 Nxf6 10. O-O Qxe2 11. Bxe2 Nd5 12. Bg3 Ndb4 13. Na3 a6 14.
Rfe1 Be7 15. Ne5 Nxe5 16. Bxe5 Bb7 17. Bh5+ Kd8 18. Bxc7+ Kxc7 19. Rxe7 Nd5
20. Rxg7 Nf4 21. Bf7 Raf8 22. f3 h5 23. Re1 Kd8 24. Nb1 h4 25. h3 Nh5 26.
Bxh5 Rxh5 27. Rg4 Rc5 28. c3 dxc3 29. Nxc3 Rc4 30. Rxc4 bxc4 31. Kf2 Rf4
32. Rd1 Kc7 33. Ke3 Rf6 34. Rd4 Re6+ 35. Kf2 d5 36. Nxd5+ Bxd5 37. Rxd5 Rb6
38. Rd2 Kc6 39. f4 Kc5 40. Kf3 Rg6 41. f5 1-0

[Event "Politiken Cup"]
[Site "Helsingor DEN"]
[Date "2009.07.22"]
[Round "6"]
[White "Schmied,A"]
[Black "Ask,J"]
[Result "0-1"]
[WhiteElo "2068"]
[BlackElo "2191"]
[EventDate "2009.07.18"]

1. d4 Nf6 2. c4 g6 3. Nc3 Bg7 4. e4 d6 5. Nf3 O-O 6. h3 e5 7. d5 Na6 8. Bg5
Qe8 9. g4 Nd7 10. Rg1 Kh8 11. Be2 Ndc5 12. a3 f5 13. gxf5 gxf5 14. exf5
Bxf5 15. Nh4 e4 16. Nxf5 Rxf5 17. Kd2 Qe5 18. Be3 Raf8 19. Rg2 Nd3 20. Bxd3
exd3 21. Kxd3 Rf3 22. Kc2 Nc5 23. Kb1 Ne4 24. Qc2 Nxc3+ 25. Qxc3 Qxc3 26.
bxc3 Bxc3 27. Ra2 b6 28. h4 Be5 29. Kc2 Rh3 30. Rg4 Rg8 31. Re4 h5 32. Bg5
Rf3 33. Kd1 Rgf8 34. Ke1 Kh7 35. Re3 Kg6 36. Rae2 a5 37. a4 R3f5 38. Kf1
R8f7 39. Kg2 Kh7 40. Re4 Kg7 41. Kg1 Rf3 42. Kg2 Ra3 43. f4 Bf6 44. Rf2
Rxa4 45. f5 Be5 46. Be3 b5 47. Bf4 Rxc4 48. Bxe5+ dxe5 49. Rxc4 bxc4 50.
Ra2 Kf6 51. Rxa5 Kxf5 52. Kf3 e4+ 53. Ke3 Kg4 54. Kxe4 Kxh4 55. Ra7 Rd7 56.
Ke5 c3 57. Ra4+ Kg5 58. Rc4 Re7+ 59. Kd4 h4 60. Rxc3 Kg4 0-1

[Event "Politiken Cup"]
[Site "Helsingor DEN"]
[Date "2009.07.22"]
[Round "6"]
[White "Harstad,C"]
[Black "Laursen,N1"]
[Result "0-1"]
[WhiteElo "2052"]
[BlackElo "2191"]
[EventDate "2009.07.18"]

1. d4 Nf6 2. c4 c5 3. d5 e6 4. Nc3 exd5 5. cxd5 d6 6. e4 g6 7. Nf3 a6 8. a4
Bg4 9. h3 Bxf3 10. Qxf3 Bg7 11. Bf4 O-O 12. Bd3 Qe7 13. O-O Re8 14. Rfe1
Nbd7 15. Bc2 Rab8 16. g4 Ne5 17. Qg3 Nfd7 18. Bc1 b5 19. Rb1 c4 20. axb5
axb5 21. Nd1 Nc5 22. f4 Ned3 23. Bxd3 Nxd3 24. Re2 Qa7+ 25. Be3 Qa2 26. Rc1
Nxc1 27. Bxc1 Qb1 28. Qe3 b4 29. Kg2 Rb5 30. Qd2 Rxe4 31. Nf2 c3 32. Qe1
Rxe2 33. Qxe2 Rb8 0-1

[Event "Politiken Cup"]
[Site "Helsingor DEN"]
[Date "2009.07.22"]
[Round "6"]
[White "Lund,P"]
[Black "Rossen,C"]
[Result "0-1"]
[WhiteElo "2047"]
[BlackElo "2188"]
[EventDate "2009.07.18"]

1. e4 c5 2. Nf3 d6 3. d4 cxd4 4. Nxd4 Nf6 5. Nc3 a6 6. Be2 e5 7. Nf3 Nbd7
8. a4 Nc5 9. Bg5 Be7 10. O-O Ncxe4 11. Nxe4 Nxe4 12. Bxe7 Qxe7 13. Re1 Nc5
14. Ra3 O-O 15. h3 Bd7 16. c4 a5 17. Ra2 Bc6 18. b3 f5 19. Nh2 Rae8 20. Nf1
Qh4 21. Ne3 Ne4 22. Nd5 Qxf2+ 23. Kh2 Qg3+ 24. Kg1 Nc3 0-1

[Event "Politiken Cup"]
[Site "Helsingor DEN"]
[Date "2009.07.22"]
[Round "6"]
[White "Sinkbaek,A"]
[Black "Christensen,R"]
[Result "0-1"]
[WhiteElo "2186"]
[BlackElo "1974"]
[EventDate "2009.07.18"]

1. c4 Nf6 2. Nc3 g6 3. g3 Bg7 4. Bg2 c6 5. Nf3 O-O 6. O-O d5 7. cxd5 cxd5
8. d4 Nc6 9. Ne5 Be6 10. Nxc6 bxc6 11. Na4 Qc8 12. b3 Bh3 13. Ba3 Bxg2 14.
Kxg2 Re8 15. Rc1 h5 16. h4 e5 17. dxe5 Ng4 18. Bb2 Bxe5 19. Bxe5 Rxe5 20.
Qd3 Qe6 21. e3 Re8 22. Rfe1 Qf6 23. Qd2 Rf5 24. Rf1 Rf3 25. Nc5 Rf5 26. Nd3
d4 27. exd4 Qxd4 28. Kg1 Rf3 0-1

[Event "Politiken Cup"]
[Site "Helsingor DEN"]
[Date "2009.07.22"]
[Round "6"]
[White "Hansen,ReR"]
[Black "Eriksson,C"]
[Result "1/2-1/2"]
[WhiteElo "1991"]
[BlackElo "2181"]
[EventDate "2009.07.18"]

1. Nf3 d5 2. d4 Nf6 3. c4 dxc4 4. e3 e6 5. Bxc4 c5 6. O-O a6 7. a4 Nc6 8.
Nc3 Qc7 9. Qe2 Bd6 10. Rd1 O-O 11. h3 b6 12. dxc5 Bxc5 13. e4 Ne5 14. Nxe5
Qxe5 15. Be3 Bb7 16. Bxc5 Qxc5 17. Rac1 Qg5 18. Rc2 Qf4 19. f3 Qg5 20. Qf2
Rac8 21. Qxb6 Rxc4 22. Qxb7 Qe3+ 23. Rf2 a5 24. Qb5 Rb4 25. Qd3 Qb6 26.
Rdd2 Rb8 27. Qd6 Rxb2 28. Qxb6 R2xb6 29. Nb5 1/2-1/2

[Event "Politiken Cup"]
[Site "Helsingor DEN"]
[Date "2009.07.22"]
[Round "6"]
[White "Jorgensen,C"]
[Black "Wahlstrom,L"]
[Result "1/2-1/2"]
[WhiteElo "2013"]
[BlackElo "2179"]
[EventDate "2009.07.18"]

1. d4 d5 2. c4 e6 3. Nf3 c5 4. dxc5 Bxc5 5. e3 Nf6 6. Nc3 O-O 7. cxd5 exd5
8. Be2 Nc6 9. O-O Be6 10. b3 Qe7 11. Nb5 Rad8 12. Bb2 Ne4 13. Nbd4 Nxd4 14.
Nxd4 a6 15. Bd3 Bc8 16. Qc2 Bd6 17. f3 Nf6 18. Rfe1 Qe5 19. f4 Qe7 20. Nf5
Bxf5 21. Bxf5 h6 22. Rad1 Bb4 23. Bc3 Rfe8 24. Bxb4 Qxb4 25. Re2 Rd6 26.
Rd4 Qb6 27. Qd3 g6 28. Bh3 Ne4 29. Rc2 Qa5 30. Kf1 Qd8 31. Rc8 Qe7 32.
Rxe8+ Qxe8 33. Rxd5 Rxd5 34. Qxd5 Nc3 35. Qd2 Qb5+ 36. Ke1 Ne4 37. Qc2 Qb4+
38. Ke2 Qb5+ 39. Kf3 f5 40. Qc8+ Kf7 41. Qc7+ Ke6 42. g4 Nd6 43. gxf5+ gxf5
44. Qc3 Qd5+ 45. Ke2 Qe4 46. a4 b5 47. a5 b4 48. Qc5 h5 49. Bf1 h4 50. Bh3
Qb1 51. Qe5+ Kd7 52. Qg7+ Kd8 53. Qf8+ Kd7 54. Qg7+ Kd8 55. Qh8+ Kd7 56.
Qxh4 Qc2+ 57. Kf3 Qd1+ 58. Kg2 Qc2+ 59. Kg1 Qc1+ 60. Bf1 Qxe3+ 61. Qf2 Qxb3
62. Bxa6 Qb1+ 63. Bf1 b3 64. a6 Qa2 65. a7 b2 66. a8=Q Qxa8 67. Qxb2 Qg8+
68. Bg2 Qg4 69. Qd4 Qe2 70. h3 Qe1+ 71. Kh2 Qe2 72. Qg7+ Kd8 73. h4 Qg4 74.
Qxg4 fxg4 75. Kg3 Ke7 76. Kxg4 Kf6 77. h5 Nf5 78. Be4 Nh6+ 79. Kh4 Ng8 80.
Bd3 Nh6 81. Bc4 Nf5+ 82. Kh3 Nh6 83. Bd3 Ng8 84. Kg3 Nh6 85. Bh7 Kg7 86.
Bg6 Ng8 87. Kg4 Kf6 88. Kf3 Nh6 89. Ke4 Ng8 90. Kd5 Nh6 91. Kd6 Ng8 92. Kd7
Ne7 93. Be4 Ng8 94. Ke8 Kg7 95. Bg6 Nf6+ 96. Kd8 Nd5 97. f5 Ne3 98. Bh7
Nxf5 99. Bxf5 Kh8 100. Ke7 Kg7 101. Bg6 Kh8 102. Kf6 Kg8 103. h6 Kh8 104.
Kg5 Kg8 105. h7+ Kh8 106. Kh6 1/2-1/2

[Event "Politiken Cup"]
[Site "Helsingor DEN"]
[Date "2009.07.22"]
[Round "6"]
[White "Wickstrom,L"]
[Black "Hobber,A"]
[Result "1/2-1/2"]
[WhiteElo "2177"]
[BlackElo "2042"]
[EventDate "2009.07.18"]

1. d4 d5 2. c4 c6 3. Nf3 Nf6 4. Nc3 e6 5. Bg5 Nbd7 6. e3 Be7 7. Bd3 O-O 8.
O-O h6 9. Bh4 b6 10. cxd5 cxd5 11. Rc1 a6 12. Qe2 b5 13. a4 b4 14. Nb1 Bd6
15. Nbd2 Bb7 16. Nb3 a5 17. Nc5 Bxc5 18. dxc5 Rc8 19. c6 Rxc6 20. Bb5 Rxc1
21. Rxc1 Qb6 22. Nd4 Rc8 23. Rxc8+ Bxc8 1/2-1/2

[Event "Politiken Cup"]
[Site "Helsingor DEN"]
[Date "2009.07.22"]
[Round "6"]
[White "Strand,Kj"]
[Black "Nilsson,Anders1"]
[Result "1/2-1/2"]
[WhiteElo "2043"]
[BlackElo "2169"]
[EventDate "2009.07.18"]

1. e4 e6 2. d4 d5 3. Nd2 Nf6 4. e5 Nfd7 5. Bd3 c5 6. c3 Nc6 7. Ngf3 g6 8.
O-O Bg7 9. Re1 O-O 10. Nf1 f6 11. exf6 Qxf6 12. Be3 b6 13. Qe2 e5 14. Bg5
Qd6 15. dxe5 Ndxe5 16. Nxe5 Nxe5 17. Bc2 Bg4 18. Qd2 d4 19. f4 Nc6 20. Bb3+
Kh8 21. h3 Bd7 22. Ne3 h6 23. Nc4 Qc7 24. Be7 Nxe7 25. Rxe7 Rae8 26. Rae1
Qd8 27. Rxe8 Rxe8 28. Ne5 Bxe5 29. fxe5 Qg5 30. Qxg5 hxg5 31. Bf7 Re7 32.
Bxg6 Be6 33. Bb1 Rd7 34. Kf2 d3 35. Ke3 c4 36. Kd2 Rf7 37. Ke3 Rd7 38. Kd2
Bd5 39. g3 Rf7 40. Ke3 Rf3+ 41. Kd4 Be6 42. Rg1 Kg7 43. b3 b5 44. bxc4 bxc4
45. a4 Rf2 46. a5 Kf7 47. Kc5 Ke7 48. h4 g4 49. Kd4 Kd7 50. Rh1 Kc6 51. h5
Bd5 52. Rh4 Rb2 53. Bxd3 Rd2 54. Ke3 Rxd3+ 55. Kf4 Be6 56. h6 Rf3+ 57. Kg5
Bf5 58. h7 Bxh7 59. Rxh7 Rxg3 60. Rxa7 Re3 61. Kf4 Rxc3 62. Kxg4 Kd5 63.
Kf4 Rc1 64. Rd7+ Ke6 65. Rd6+ Ke7 66. Ke4 c3 67. Rc6 Re1+ 68. Kd4 Rd1+
1/2-1/2

[Event "Politiken Cup"]
[Site "Helsingor DEN"]
[Date "2009.07.22"]
[Round "6"]
[White "Eriksson,Mag2"]
[Black "Andersen,Ru2"]
[Result "1/2-1/2"]
[WhiteElo "2160"]
[BlackElo "2026"]
[EventDate "2009.07.18"]

1. d4 d5 2. c4 dxc4 3. e4 e5 4. Nf3 exd4 5. Bxc4 Nc6 6. O-O Be6 7. Bb5 Bc5
8. Qc2 Bb6 9. Bxc6+ bxc6 10. Qxc6+ Bd7 11. Qc4 Be6 12. Qc6+ Bd7 13. Qc4 Be6
14. Qc6+ 1/2-1/2

[Event "Politiken Cup"]
[Site "Helsingor DEN"]
[Date "2009.07.22"]
[Round "6"]
[White "Pallesen,Ja"]
[Black "Holst,C"]
[Result "0-1"]
[WhiteElo "2042"]
[BlackElo "2159"]
[EventDate "2009.07.18"]

1. d4 Nf6 2. Nf3 g6 3. c4 c5 4. e3 cxd4 5. exd4 d5 6. Nc3 Bg7 7. cxd5 O-O
8. Bc4 Nbd7 9. O-O Nb6 10. Bb3 Nbxd5 11. Ne5 Be6 12. Qf3 Qd6 13. Re1 Rac8
14. Bg5 Rfd8 15. Rac1 a6 16. Nd3 Bg4 17. Qg3 Qxg3 18. hxg3 Nxc3 19. bxc3 h6
20. Bd2 Bf5 21. Ne5 e6 22. f3 g5 23. g4 Bh7 24. Nxf7 Kxf7 25. Bxe6+ Kf8 26.
Bxc8 Rxc8 27. c4 Bd3 28. Bb4+ Kg8 29. Re7 b5 30. Bc5 bxc4 31. Ra7 Nd5 32.
Rxa6 c3 33. Rd6 Nf4 34. Kf2 c2 35. Ke3 Re8+ 36. Kd2 Re2+ 37. Kc3 Rxg2 38.
Re1 Re2 39. Rd8+ Kh7 40. Rh1 Bg6 41. a4 Re3+ 42. Kc4 Bf7+ 43. d5 Rc3+ 44.
Kb5 Rb3+ 45. Kc6 Rb1 0-1

[Event "Politiken Cup"]
[Site "Helsingor DEN"]
[Date "2009.07.22"]
[Round "6"]
[White "Vanman,K"]
[Black "Greeuw,S"]
[Result "1/2-1/2"]
[WhiteElo "2158"]
[BlackElo "1968"]
[EventDate "2009.07.18"]

1. Nf3 Nf6 2. c4 d5 3. cxd5 Nxd5 4. Nc3 Nc6 5. g3 e5 6. d3 Be7 7. Bg2 Nb6
8. O-O Be6 9. a3 O-O 10. b4 f6 11. Bb2 Qd7 12. Rc1 Rad8 13. Na4 Nxa4 14.
Qxa4 Bd5 15. b5 Nd4 16. Nxd4 Bxg2 17. Kxg2 exd4 18. Qc4+ Rf7 19. a4 Bf8 20.
Rc2 g6 21. a5 Qd5+ 22. Qxd5 Rxd5 23. a6 Rxb5 24. axb7 c5 25. Rfc1 Rfxb7 26.
Ba3 Kf7 27. Bxc5 Bxc5 28. Rxc5 Rxc5 29. Rxc5 Rd7 30. Kf3 Ke6 31. Ke4 f5+
32. Kf4 h6 33. h4 Rd5 34. Rc6+ Rd6 35. Rc7 a6 36. e4 dxe3 37. Kxe3 Kd5 38.
Ra7 Ke6 39. f4 1/2-1/2

[Event "Politiken Cup"]
[Site "Helsingor DEN"]
[Date "2009.07.22"]
[Round "6"]
[White "Struch,T"]
[Black "Helin,M"]
[Result "1-0"]
[WhiteElo "2154"]
[BlackElo "1973"]
[EventDate "2009.07.18"]

1. e4 g6 2. d4 d6 3. Nc3 a6 4. a4 b6 5. Bc4 e6 6. Nf3 h6 7. Be3 Bg7 8. Qd2
Ne7 9. Bb3 Bb7 10. d5 e5 11. Ng1 g5 12. Nge2 f5 13. f3 Nd7 14. Bf2 f4 15.
Bc4 Nf6 16. g3 Ng6 17. gxf4 exf4 18. Nd4 Ne5 19. Be2 Bc8 20. O-O-O Bd7 21.
h4 Kf7 22. Rdg1 Nh5 23. Bf1 Qf6 24. Bh3 Ke7 25. Bxd7 Kxd7 26. Qe2 Ng3 27.
Bxg3 fxg3 28. Nf5 gxh4 29. Rxh4 h5 30. Rxg3 Bh6+ 31. Kb1 Ng6 32. Rh1 Bf4
33. Rg2 Be5 34. Qc4 Rag8 35. Qc6+ Kc8 36. Rhg1 Kb8 37. a5 Rh7 38. Rxg6 Rxg6
39. Qe8+ Kb7 40. Rxg6 Qh8 41. Rg8 Qxg8 42. Qxg8 Rh8 43. Qg5 bxa5 44. f4
Bxc3 45. bxc3 Kb6 46. Nh4 Kc5 47. Qg1+ Kb5 48. Qd4 Rg8 49. Kb2 Rg3 50. f5
Rg4 51. c4+ Ka4 52. Qc3 1-0

[Event "Politiken Cup"]
[Site "Helsingor DEN"]
[Date "2009.07.22"]
[Round "6"]
[White "Nielsen,Las"]
[Black "Petersen,Stee1"]
[Result "1/2-1/2"]
[WhiteElo "2032"]
[BlackElo "2152"]
[EventDate "2009.07.18"]

1. e4 e5 2. Nf3 Nc6 3. Bb5 a6 4. Ba4 Nf6 5. O-O Be7 6. Re1 b5 7. Bb3 d6 8.
c3 O-O 9. h3 Bb7 10. a4 Nd7 11. d4 Bf6 12. dxe5 dxe5 13. axb5 axb5 14. Rxa8
Bxa8 15. Qe2 Qe7 16. Bd5 b4 1/2-1/2

[Event "Politiken Cup"]
[Site "Helsingor DEN"]
[Date "2009.07.22"]
[Round "6"]
[White "Jiretorn,E"]
[Black "Johansen,St"]
[Result "1-0"]
[WhiteElo "2150"]
[BlackElo "1874"]
[EventDate "2009.07.18"]

1. d4 Nf6 2. c4 g6 3. Nc3 Bg7 4. Nf3 d6 5. e4 O-O 6. Be2 e5 7. O-O Nc6 8.
d5 Ne7 9. Ne1 Nd7 10. Nd3 f5 11. f3 f4 12. a4 g5 13. a5 a6 14. b4 Rf6 15.
c5 Qe8 16. g4 h5 17. h3 Rh6 18. cxd6 cxd6 19. Kg2 Ng6 20. Rh1 Nh4+ 21. Kf2
Nf6 22. Nb2 Bd7 23. Nc4 hxg4 24. hxg4 Rc8 25. Qd3 Nxf3 26. Bxf3 Rxh1 27.
Bxh1 Nxg4+ 28. Kg1 Qh5 29. Ra2 Qh4 30. Re2 Bb5 31. Nxb5 axb5 32. Bd2 bxc4
33. Qc3 Nf6 34. b5 g4 35. Rh2 Qg3+ 36. Qxg3 fxg3 37. Re2 c3 38. Bc1 Nh5 39.
a6 bxa6 40. bxa6 Nf4 41. Ra2 Ra8 42. Bg2 Bh6 43. Bf1 Nh3+ 44. Bxh3 Bxc1 45.
Bxg4 Bb2 46. Bd1 Bc1 47. Kg2 Bf4 48. Be2 Kf7 49. Kf3 Kf6 50. Bd3 Ra7 51.
Ra3 Bd2 52. Kxg3 Ke7 53. Kf3 Kd7 54. Ke2 Ra8 55. Bb5+ Kc7 56. Bc6 Ra7 57.
Bb7 Kb6 58. Kd3 Kc7 59. Ra1 Kb6 60. Rh1 Kc5 61. Rh8 Kb4 62. Rd8 Kc5 63.
Rc8+ Kb4 64. Rc6 Kb3 65. Rb6+ 1-0

[Event "Politiken Cup"]
[Site "Helsingor DEN"]
[Date "2009.07.22"]
[Round "6"]
[White "Kristinsson,Bj"]
[Black "Petkovic,P"]
[Result "0-1"]
[WhiteElo "1985"]
[BlackElo "2149"]
[EventDate "2009.07.18"]

1. e4 c5 2. c3 Nf6 3. e5 Nd5 4. Nf3 e6 5. d4 cxd4 6. cxd4 b6 7. Nc3 Nxc3 8.
bxc3 Qc7 9. Qc2 Ba6 10. Bd3 Bxd3 11. Qxd3 Nc6 12. O-O Na5 13. Ng5 Be7 14.
Nxf7 O-O 15. Ng5 Rf5 16. h4 Qc4 17. Qe4 Qc6 18. Qxc6 Nxc6 19. a4 Na5 20. g4
Rff8 21. Ba3 Bxa3 22. Rxa3 Rf4 23. f3 Raf8 24. Ra2 Nc4 25. Re2 h5 26. gxh5
Rxh4 27. Rh2 Rhf4 28. Rh3 R8f5 29. Ne4 Kh7 30. h6 gxh6 31. Nf6+ Kg6 32.
Nxd7 Nd2 33. Rf2 Nxf3+ 34. Kh1 Ng5 35. Rxf4 Rxf4 36. Rg3 h5 37. a5 h4 38.
Rg1 Kf5 39. axb6 axb6 40. Nxb6 Rf2 41. Rg2 Rf1+ 42. Rg1 Rf3 43. Nc8 Rh3+
44. Kg2 Rxc3 45. Nd6+ Kf4 46. Rf1+ Kg4 47. Kh1 Rh3+ 48. Kg2 Rg3+ 49. Kf2
Rf3+ 50. Ke2 Rxf1 51. Kxf1 Kg3 52. d5 h3 53. dxe6 h2 54. e7 Kf3 55. Ke1
h1=Q+ 56. Kd2 Qh2+ 57. Kd3 Qe2+ 58. Kd4 Ne6+ 59. Kd5 Nc7+ 60. Kd4 Qe3+ 61.
Kc4 Qxe5 0-1

[Event "Politiken Cup"]
[Site "Helsingor DEN"]
[Date "2009.07.22"]
[Round "6"]
[White "Jensen,Mo"]
[Black "Hansen,MM"]
[Result "1/2-1/2"]
[WhiteElo "2026"]
[BlackElo "2144"]
[EventDate "2009.07.18"]

1. e4 c5 2. Na3 Nc6 3. Bb5 g6 4. Nf3 Bg7 5. c3 Qb6 6. Bxc6 Qxc6 7. O-O d6
8. Re1 Bg4 9. h3 Bxf3 10. Qxf3 e6 11. Nc2 Ne7 12. d4 O-O 13. Bg5 f6 14. Bd2
Rae8 15. Qd3 c4 16. Qe2 f5 17. Nb4 Qc7 18. f3 f4 19. b3 a5 20. Nc2 cxb3 21.
axb3 Qb6 22. Reb1 e5 23. Kh2 exd4 24. cxd4 Nc6 25. Ra4 d5 26. e5 Qd8 27.
Qb5 Qd7 28. Rxa5 Qf5 29. Qxd5+ Kh8 30. Ra2 Rd8 31. Qe4 1/2-1/2

[Event "Politiken Cup"]
[Site "Helsingor DEN"]
[Date "2009.07.22"]
[Round "6"]
[White "Haubro,S"]
[Black "Meier,L"]
[Result "1/2-1/2"]
[WhiteElo "2144"]
[BlackElo "1888"]
[EventDate "2009.07.18"]

1. e4 c6 2. d4 d5 3. exd5 cxd5 4. Bd3 Nc6 5. c3 Nf6 6. h3 g6 7. Nf3 Bg7 8.
O-O O-O 9. Bg5 Qd6 10. Re1 Nd7 11. Nbd2 Re8 12. Bc2 e5 13. dxe5 Ndxe5 14.
Nxe5 Rxe5 15. Nf3 Rxe1+ 16. Qxe1 Be6 17. Rd1 Qc7 18. Bb3 h6 19. Be3 Rd8 20.
Nd4 Bc8 21. Qd2 Kh7 22. Nb5 Qa5 23. Qe2 a6 24. Nd4 Ne5 25. Nf3 Nc4 26. Bd4
Qc7 27. Bxg7 Kxg7 28. Nd4 b5 29. Re1 Qf4 30. Bd1 Qf6 31. b3 Nd6 32. Qd3 Nf5
33. Bf3 Nh4 34. Bg4 Nf5 35. Bxf5 Bxf5 36. Nxf5+ Qxf5 37. Qxf5 gxf5 38. Re7
Rc8 39. Ra7 Rxc3 40. Rxa6 Rc1+ 41. Kh2 Rc2 42. Kg3 f6 43. Rb6 Rxa2 44. Rxb5
Rb2 45. Rxd5 1/2-1/2

[Event "Politiken Cup"]
[Site "Helsingor DEN"]
[Date "2009.07.22"]
[Round "6"]
[White "Schou Moldt,T"]
[Black "Vaarala,E"]
[Result "0-1"]
[WhiteElo "2142"]
[BlackElo "1964"]
[EventDate "2009.07.18"]

1. e4 e6 2. d4 d5 3. exd5 exd5 4. Nf3 Bd6 5. c4 c6 6. Qb3 Ne7 7. Nc3 O-O 8.
Bg5 f6 9. cxd5 cxd5 10. Bd2 Re8 11. Bd3 Nbc6 12. O-O Kh8 13. Nb5 Bg4 14.
Nh4 a6 15. Nxd6 Qxd6 16. h3 Nxd4 17. Qa4 Ne2+ 18. Kh1 Bd7 19. Qd1 Nf4 20.
Bxf4 Qxf4 21. Qh5 f5 22. g3 Qd4 23. Rfe1 Qf6 24. Rac1 g6 25. Qh6 Bc6 26.
Kg1 Ng8 27. Qd2 Kg7 28. Qb4 d4 29. Ng2 g5 30. Qa5 Ne7 31. Qc5 Rac8 32. Qa5
Nd5 33. h4 h6 34. Rxe8 Rxe8 35. Qc5 f4 36. Rc4 f3 37. hxg5 hxg5 38. Nh4
gxh4 39. Rxd4 Re1+ 40. Bf1 Qf5 41. Qc4 Bb5 42. Rg4+ Kf7 43. Qd4 Rxf1+ 44.
Kh2 hxg3+ 45. fxg3 Qc2+ 46. Kh3 Rh1+ 0-1